000 00494nam a2200193Ia 4500
003 OSt
005 20250205145137.0
008 210210b1956 xxu||||| |||| 00| 0 eng d
040 _cAL
041 _aKannada
082 _a859/1200
100 _aBICHI BALLARI
_9131401
_dಬೀಚಿ.
245 _aSatisule
_bಸತೀಸೂಳೆ
260 _aBengaLUru
_bVahini Prakashana
_c1956
650 _aSatIsULe
_9131402
690 _aKannada Fiction
_9131403
906 _a021943
942 _2ddc
_cBK
999 _c146049
_d146049